[Event "EU-ch U18"]
[Site "Litohoto"]
[Date "1999.09.05"]
[Round "3"]
[White "Kundin, Alexander"]
[Black "Blot, Jerome"]
[Result "1-0"]
[WhiteElo "2403"]
[BlackElo "2299"]

1.e4 c5 2.Nf3 e6 3.d4 cxd4 4.Nxd4 Nc6 5.Nc3 Qc7 6.g3 a6 7.Bg2 Nf6 8.O-O Nxd4
9.Qxd4 Bc5 10.Bf4 d6 11.Qd2 h6 12.Rad1 e5 13.Be3 Ke7 14.Bxc5 Qxc5 15.Na4 Qc6
16.f4 a5 17.Qd3 b5 18.Nc3 Qc5+ 19.Kh1 Be6 20.Nxb5 Bc4 21.Qxd6+ Qxd6 22.Nxd6 Bxf1
23.Nf5+ Kf8 24.Rxf1 g6 25.Nd6 Nd7 26.Bh3 Ra7 27.Bxd7 Rxd7 28.fxe5 Kg7 29.Rd1 Rc7
30.c4 Rb8 31.b3 Re7 32.Rd5 a4 33.Nb5 axb3 34.axb3 Rbe8 35.c5 Kf8 36.c6 Rc8
37.Rc5 Re6 38.Nd6 Rc7 39.b4 f6 40.b5 Rxe5 41.b6  1-0

[Event "EU-ch U16 Girls"]
[Site "Litohoto"]
[Date "1999.09.06"]
[Round "4"]
[White "Skrochocka, Justyna"]
[Black "Gvetadze, Sofio"]
[Result "1/2-1/2"]
[WhiteElo "2035"]
[BlackElo "2193"]

1.e4 c5 2.Nf3 e6 3.d4 cxd4 4.Nxd4 Nc6 5.Nc3 Qc7 6.f4 d6 7.Nxc6 bxc6 8.Bd3 Nf6
9.O-O d5 10.Kh1 Be7 11.Qe2 a6 12.b3 Nd7 13.Na4 Bf6 14.e5 Be7 15.Bb2 g6 16.c4 O-O
17.Rac1 Qd8 18.cxd5 cxd5 19.Rf3 Re8 20.Rh3 Bf8 21.Qc2 Nb6 22.Nxb6 Qxb6 23.Qc7 Qf2
24.Qc2 Qxc2 25.Rxc2 Bd7 26.Bf1 Bb5 27.Kg1 Bb4 28.a3 Ba5 29.Bd4 Rec8 30.Rxc8+ Rxc8
31.Bxb5 axb5 32.b4 Bd8 33.Bc5 Kg7 34.Rc3 Bb6  1/2-1/2

[Event "EU-ch U16"]
[Site "Litohoto"]
[Date "1999.09.07"]
[Round "5"]
[White "Soltanici, Ruslan"]
[Black "Mastrovasilis, Dimitrios"]
[Result "0-1"]
[WhiteElo "2197"]
[BlackElo "2384"]

1.e4 c5 2.Nf3 e6 3.d4 cxd4 4.Nxd4 Nc6 5.Nc3 Qc7 6.Be2 a6 7.Be3 Nf6 8.O-O Bb4
9.Bd3 Ne5 10.Nde2 Nfg4 11.Bf4 g5 12.Bg3 h5 13.Nd4 h4 14.Bxe5 Nxe5 15.Qe2 b6
16.Nd1 Bb7 17.Ne3 Bc5 18.c3 h3 19.g3 f5 20.f3 f4 21.gxf4 Nxd3 22.Qxd3 Qxf4
23.b4 Bd6 24.Rf2 Bc7 25.c4 Rh4 26.Rd1 O-O-O 27.Ne2 Qf7 28.c5 b5 29.a4 Rf8
30.Rdf1 Qh5 31.axb5 axb5 32.Nd4 g4 33.c6 dxc6 34.Nxe6 Rxf3 35.Nxc7 Qf7 36.Rxf3 gxf3
37.Nf5 Rg4+ 38.Kh1 Qxc7 39.Qxf3 Rxe4 40.Rg1 Re8  0-1

[Event "EU-ch U18"]
[Site "Litohoto"]
[Date "1999.09.07"]
[Round "5"]
[White "Ardeleanu, George Catalin"]
[Black "Horvath, Adam"]
[Result "0-1"]
[WhiteElo "2374"]
[BlackElo "2412"]

1.e4 c5 2.Nf3 Nc6 3.d4 cxd4 4.Nxd4 e6 5.Nc3 Qc7 6.Be2 a6 7.O-O Nf6 8.Kh1 Nxd4
9.Qxd4 Bc5 10.Qd3 h5 11.f4 Ng4 12.Qg3 b5 13.e5 Bb7 14.Bf3 g6 15.Ne4 Bxe4
16.Bxe4 Rd8 17.Qf3 d6 18.exd6 Qxd6 19.h3 Kf8 20.c3 Kg7 21.a4 bxa4 22.Rxa4 Qb6
23.Bc2 Be3 24.Rb4 Qc5 25.Rb7 Bxc1 26.Rxc1 Nf2+ 27.Kh2 Ng4+ 28.Kh1 Rd2 29.b4 Qe3
30.Qxe3 Nxe3 31.Be4 Rd1+ 32.Rxd1 Nxd1 33.Bf3 Nxc3 34.Rb6 Rd8 35.Rxa6 Rd4
36.f5 exf5 37.Rb6 Ne4 38.Kg1 h4 39.Kf1 Rd2 40.b5 Rb2 41.Bxe4 fxe4 42.Rb7 Kf6
43.b6 e3 44.Rb8 Kg5 45.Re8 Kf4 46.Rf8 Kg3 47.Rxf7 e2+ 48.Ke1 Rxb6 49.Rh7 Kxg2  0-1

[Event "Budapest FS09 IM-B"]
[Site "Budapest"]
[Date "1999.09.08"]
[Round "5"]
[White "Jamrich, Gyorgy"]
[Black "De Sousa, Jose"]
[Result "1/2-1/2"]
[WhiteElo "2189"]
[BlackElo "2253"]

1.e4 c5 2.Nf3 e6 3.d4 cxd4 4.Nxd4 Nc6 5.Nc3 Qc7 6.g3 a6 7.Bg2 Nf6 8.O-O Bc5
9.Nde2 O-O 10.h3 b5 11.a3 Bb7 12.g4 Rad8 13.Nf4 d5 14.exd5 Ne7 15.Nd3 Nexd5
16.Nxd5 Bxd5 17.Bf4 Bd6 18.Bg5 Bc5 19.Bf4 Qc6 20.Bxd5 Nxd5 21.Qf3 Bb6 22.c3 Qc4
23.Rad1 Nxf4 24.Nxf4 Bc7 25.Ng2 Bb8 26.Ne3 Qc7 27.Rfe1  1/2-1/2

[Event "EU-ch U18"]
[Site "Litohoto"]
[Date "1999.09.08"]
[Round "6"]
[White "Olsson, Anders"]
[Black "Blot, Jerome"]
[Result "0-1"]
[WhiteElo "2206"]
[BlackElo "2299"]

1.e4 c5 2.Nf3 Nc6 3.d4 cxd4 4.Nxd4 e6 5.Nc3 Qc7 6.g3 a6 7.Bg2 d6 8.O-O Bd7
9.Be3 Nf6 10.a4 Be7 11.Nxc6 Bxc6 12.f4 O-O 13.a5 Nd7 14.g4 b5 15.g5 b4 16.Ne2 Nc5
17.Ng3 d5 18.e5 Ne4 19.Bb6 Bc5+ 20.Bxc5 Nxc5 21.Qd4 Qa7 22.Rfd1 Na4 23.b3 Nc3
24.Qxa7 Rxa7 25.Rd4 Rb8 26.Bf1 Bd7 27.Kf2 Bc8 28.Bd3 g6 29.h4 Rc7 30.Nf1 Bd7
31.Ne3 Bb5 32.Rxb4 Rbc8 33.Bxb5 Rb8 34.h5 gxh5 35.Rh1 Rc5 36.Rxh5 Rcxb5 37.Rd4 Rb4
38.Rd3 Rxf4+ 39.Kg3 Ne2+ 40.Kg2 Re4 41.Kf3 Nf4 42.Rh1 Nxd3 43.cxd3 Rxe5 44.Kf4 Rxe3
45.Kxe3 Rxb3  0-1

[Event "EU-ch U14"]
[Site "Litohoto"]
[Date "1999.09.10"]
[Round "8"]
[White "Smeets, Jan"]
[Black "Livshits, Gaby"]
[Result "0-1"]
[WhiteElo "2193"]
[BlackElo "2119"]

1.e4 c5 2.Nf3 e6 3.d4 cxd4 4.Nxd4 Nc6 5.Nc3 Qc7 6.Be2 a6 7.O-O b5 8.Nxc6 dxc6
9.b3 Nf6 10.Bd3 Bd6 11.g3 h5 12.Bb2 h4 13.Qe2 hxg3 14.hxg3 e5 15.Qf3 Bg4
16.Qg2 Bh3 17.Qh1 Ke7 18.Rfe1 Rh7 19.Nd1 Rah8 20.Ne3 g6 21.Qf3 Qc8 22.a4 Ng4
23.axb5 Nxe3 24.Rxe3 Bg4 25.Qg2 cxb5 26.Be2 Rh2 27.Qxh2 Rxh2 28.Bxg4 Qh8
29.Kf1 Bc5 30.Rf3 Rxf2+ 31.Rxf2 Qh1+ 32.Ke2 Qxe4+ 33.Kf1 Bxf2  0-1

[Event "CRO-chT"]
[Site "Pula"]
[Date "1999.09.11"]
[Round "3"]
[White "Armanda, Ivica"]
[Black "Sale, Srdjan"]
[Result "1/2-1/2"]
[WhiteElo "2346"]
[BlackElo "2420"]

1.e4 c5 2.Nf3 e6 3.d4 cxd4 4.Nxd4 Nc6 5.Nc3 a6 6.Be2 Qc7 7.O-O b5 8.Bf3 Bd6
9.g3 Nxd4 10.Qxd4 Be5 11.Bf4 Bxf4 12.gxf4 Ne7 13.e5 Nf5 14.Qd3 Bb7 15.Bxb7 Qxb7
16.Qe4 Qxe4 17.Nxe4 Rc8 18.Rfd1 Ke7 19.Rd2 Rc4 20.Rad1 Rd8 21.Nd6 Nxd6 22.Rxd6 Rxc2
23.Rxa6 Rxb2 24.Rd4 f6 25.Ra5 Kf7 26.Ra7 Kg6 27.Rb7 fxe5 28.fxe5 Kf5 29.Rbxd7 Rxd7
30.Rxd7 Rxa2 31.Rxg7 h5 32.Rb7 Rb2 33.Kg2 Kxe5 34.Rh7 b4 35.Rxh5+ Kd4 36.Rb5 Kc4
37.Re5 Rd2 38.Rxe6 b3 39.Rc6+ Kb5 40.Rc8 Rd4 41.Kg3 Rb4 42.Rc1 b2 43.Rb1 Ka4
44.h4 Kb3 45.h5 Kc2 46.Rh1 b1=Q 47.Rxb1 Rxb1 48.Kg4 Kd3 49.Kf5 Rb6 50.Kg5 Ke4
51.h6  1/2-1/2

[Event "CRO-chT (Women)"]
[Site "Pula"]
[Date "1999.09.14"]
[Round "5"]
[White "Raguz, Ivanka"]
[Black "Velcheva, Maria"]
[Result "0-1"]
[WhiteElo "2090"]
[BlackElo "2305"]

1.e4 c5 2.Nf3 e6 3.d4 cxd4 4.Nxd4 Nc6 5.Nc3 Qc7 6.Be3 a6 7.g4 b5 8.a3 Bb7
9.Rg1 Na5 10.Qd2 b4 11.axb4 Bxb4 12.e5 Ne7 13.Rg3 Qxe5 14.O-O-O Nd5 15.f4 Qc7
16.Bg1 Rc8 17.Nde2 Nc4 18.Qd4 Bxc3 19.bxc3 Qa5 20.Kb1 Qb5+ 21.Ka1 Qb2+  0-1

[Event "Alushta2"]
[Site "Alushta"]
[Date "1999.09.18"]
[Round "1"]
[White "Kovalev, Andrei"]
[Black "Kuzmin, Gennadi P"]
[Result "1-0"]
[WhiteElo "2400"]
[BlackElo "2518"]

1.e4 c5 2.Nf3 e6 3.Nc3 Nc6 4.d4 cxd4 5.Nxd4 Qc7 6.Be2 a6 7.O-O Nxd4 8.Qxd4 b5
9.Be3 Bb7 10.Rad1 Rc8 11.Bf4 Bc5 12.Qxg7 Qxf4 13.Qxh8 Ke7 14.Qg7 Nf6 15.Qg3 Qxg3
16.hxg3 Bd6 17.Rfe1 Be5 18.Bd3 h5 19.Rd2 Bxc3 20.bxc3 Rxc3 21.f3 d5 22.exd5 Bxd5
23.a4 bxa4 24.Bxa6 Bc6 25.Rb1 a3 26.Ra1 e5 27.Rd3 Rxc2 28.Rdxa3 e4 29.Re1 Kf8
30.Bf1 Kg7 31.Rae3 exf3 32.gxf3 Bd5 33.Bd3 Rb2 34.R1e2 Rb4 35.Kf2 Rd4 36.Bf5 Bc4
37.Rc2 Rd5 38.Be6 fxe6 39.Rxc4 e5 40.Ke2 Ra5 41.Rec3 Ra2+ 42.Rc2 Ra3 43.R4c3 Ra4
44.Rc5 e4 45.f4 Kf7 46.Rc7+ Kg6 47.R7c6 Kf7 48.Rb2 Ra7 49.Rc5 Kg7 50.Rcb5 Ra6
51.Rb7+ Kg6 52.R7b6 Ra5 53.R2b5  1-0

[Event "Alushta2"]
[Site "Alushta"]
[Date "1999.09.20"]
[Round "3"]
[White "Belikov, Vladimir"]
[Black "Alexandrova, Olga"]
[Result "1/2-1/2"]
[WhiteElo "2485"]
[BlackElo "2300"]

1.e4 c5 2.Nf3 e6 3.Nc3 Nc6 4.d4 cxd4 5.Nxd4 Qc7 6.Be3 Nf6 7.Ndb5 Qb8 8.f4 d6
9.a4 Be7 10.Bd3 O-O 11.O-O a6 12.Na3 d5 13.e5 Nd7 14.Ne2 Nc5 15.c3 Nxd3 16.Qxd3 Bd7
17.Bb6 Bd8 18.Bc5 Be7 19.Bxe7 Nxe7 20.Nc2 Nc6 21.Ne3 Ne7 22.Rf3 b5 23.a5 b4
24.Rh3 Ng6 25.c4 Rd8 26.Rf1 dxc4 27.Nxc4 Bb5 28.Qe4 Bxc4 29.Qxc4  1/2-1/2

[Event "Alushta2"]
[Site "Alushta"]
[Date "1999.09.20"]
[Round "3"]
[White "Kovalev, Andrei"]
[Black "Yagupov, Igor"]
[Result "1-0"]
[WhiteElo "2400"]
[BlackElo "2449"]

1.e4 c5 2.Nf3 Nc6 3.Nc3 e6 4.d4 cxd4 5.Nxd4 Nf6 6.Nxc6 bxc6 7.e5 Nd5 8.Ne4 Bb7
9.Bd3 Nb4 10.O-O c5 11.Re1 Nxd3 12.Qxd3 Qc7 13.Bf4 f5 14.exf6 Qxf4 15.fxg7 Bxg7
16.Nd6+ Ke7 17.Nxb7 Qc7 18.Qd5 Rab8 19.Nxc5 Qd6 20.Qg5+ Bf6 21.Qxf6+ Kxf6
22.Ne4+ Ke7 23.Nxd6 Kxd6 24.Rad1+ Ke7 25.b3 Rbc8 26.c4 a5 27.f4 Rhf8 28.g3 Rc5
29.Rd5 Rxd5 30.cxd5 a4 31.dxe6 dxe6 32.bxa4 Kf6 33.Re3 Ra8 34.Ra3 Kf5 35.a5 Ra6
36.Kf2 e5 37.fxe5 Kxe5 38.g4 Kd4 39.Kg3  1-0

[Event "Artek olJ"]
[Site "Artek"]
[Date "1999.09.20"]
[Round "9"]
[White "Anisimov, Pavel"]
[Black "Gajewski, Grzegorz"]
[Result "1-0"]
[WhiteElo "2318"]
[BlackElo "2127"]

1.e4 c5 2.Nf3 e6 3.d4 cxd4 4.Nxd4 Nc6 5.Nc3 Qc7 6.Be3 Nf6 7.Be2 a6 8.a3 b5
9.O-O b4 10.axb4 Bxb4 11.Ncb5 Qb8 12.Nxc6 dxc6 13.Qd4 Be7 14.Nc3 O-O 15.Rfd1 c5
16.Qc4 Bb7 17.Bf3 Qe5 18.g3 g5 19.Ra5 Rac8 20.h3 Bd8 21.Rxc5 Be7 22.Rxe5 Rxc4
23.Rxg5+ Kh8 24.Rd4 Rfc8 25.Ra5 Rb4 26.Ra2 Rxd4 27.Bxd4 Kg8 28.Ra1 Rd8 29.Rd1 Nxe4
30.Bxe4 Bxe4 31.Nxe4 e5 32.Rd3 exd4 33.f4 Rc8 34.Rd2 a5 35.b3 Bb4 36.Re2 f5
37.Nf2 a4 38.bxa4 Ra8 39.Nd3 Bc3 40.g4 fxg4 41.hxg4 Rxa4 42.Kg2 Kf7 43.Kf3 Ra5
44.Rh2 Kg7 45.f5 h6 46.Ke4 Ra8 47.Nf4 Ra1 48.Ne6+ Kf7 49.Rxh6 Re1+ 50.Kd3 Rd1+
51.Kc4 Rd2 52.Kb3 Rf2 53.Rh7+ Kg8 54.Rd7 Rd2 55.Kc4 Ba1 56.Rd8+ Kf7 57.Ng5+ Ke7
58.Nf3  1-0

[Event "Paks 09 GM"]
[Site "Paks"]
[Date "1999.09.22"]
[Round "2"]
[White "Videki, Sandor"]
[Black "Borgo, Giulio"]
[Result "1-0"]
[WhiteElo "2445"]
[BlackElo "2444"]

1.e4 c5 2.Nf3 e6 3.d4 cxd4 4.Nxd4 Nc6 5.Nc3 a6 6.g3 Nge7 7.Nb3 Na5 8.Bf4 Ng6
9.Bd6 b5 10.Bxf8 Rxf8 11.Qh5 Bb7 12.Nxa5 Qxa5 13.Bg2 Qc7 14.O-O Qe5 15.Qd1 Ke7
16.Re1 Qc5 17.Qd2 Rfd8 18.Rad1 d6 19.a4 Kf8 20.Re2 Ne5 21.Qc1 Bc6 22.axb5 axb5
23.Red2 Nc4 24.Rd3 Qb4 25.b3 Ne5 26.Re3 Ng4 27.Red3 Qc5 28.Qd2 b4 29.Nb1 Ra2
30.Rc1 Ne5 31.Rd4 Rb8 32.Rxd6 Be8 33.Rd8 Rxd8 34.Qxd8 Rxc2 35.Rxc2 Qxc2 36.Qd6+ Kg8
37.Qxe5 Qxb1+ 38.Bf1 Qxb3 39.Qb8 Kf8 40.Qd6+ Kg8 41.Qb8 Kf8 42.Qd6+ Kg8 43.Qe7  1-0

[Event "Paks 09 GM"]
[Site "Paks"]
[Date "1999.09.24"]
[Round "4"]
[White "Kulaots, Kaido"]
[Black "Borgo, Giulio"]
[Result "1/2-1/2"]
[WhiteElo "2478"]
[BlackElo "2444"]

1.e4 c5 2.Nf3 e6 3.d4 cxd4 4.Nxd4 Nc6 5.Nc3 a6 6.Be2 d6 7.O-O Nf6 8.Be3 Bd7
9.f4 Be7 10.g4 d5 11.e5 Ne4 12.Nxe4 dxe4 13.c3 Bc5 14.Qd2 Qc7 15.Nb3 Bb6
16.c4 Ne7 17.Rad1 O-O-O 18.Bxb6 Qxb6+ 19.Qd4 Qxd4+ 20.Nxd4 f6 21.Kf2 h5 22.gxh5 fxe5
23.fxe5 Nf5 24.Nxf5 exf5 25.Ke3 g5 26.Rxd7 f4+ 27.Kxe4 Kxd7 28.h4 gxh4 29.Rxf4 Ke7
30.Ke3 Ke6 31.Rxh4 Kxe5 32.Bd3 Rd6 33.c5 Rd5 34.b4 Kf6 35.Be4 Rdxh5 36.Rxh5 Rxh5
37.Bxb7 Ke5 38.Bxa6 Rh4 39.b5 Kd5 40.c6 Kd6 41.Bc8  1/2-1/2

[Event "Alushta2"]
[Site "Alushta"]
[Date "1999.09.26"]
[Round "9"]
[White "Kuzmin, Gennadi P"]
[Black "Alexandrova, Olga"]
[Result "1-0"]
[WhiteElo "2518"]
[BlackElo "2300"]

1.e4 c5 2.Nc3 Nc6 3.Nf3 e6 4.d4 cxd4 5.Nxd4 Qc7 6.Be2 Nf6 7.O-O Be7 8.Nb3 a6
9.f4 d6 10.Be3 b5 11.Bf3 Bb7 12.Qe1 O-O 13.a4 b4 14.Ne2 Na5 15.Nxa5 Qxa5
16.Ng3 Rac8 17.Qf2 Qc7 18.Rfc1 Qb8 19.Qe1 Rfe8 20.Bd2 Qa8 21.Bxb4 Rc4 22.Bd2 Nxe4
23.Bxe4 Rxe4 24.Nxe4 Bxe4 25.Bc3 e5 26.Qg3 f6 27.Bd2 d5 28.fxe5 fxe5 29.b4 Qc6
30.c3 Bd8 31.Be3 Re6 32.Ra2 Rg6 33.Qh3 h6 34.b5 Qc4 35.Rb2 Bb6 36.Bxb6 Rxb6
37.Qe3 Qc7 38.c4 axb5 39.cxd5 Qa7 40.Rc8+  1-0

[Event "Najdorf mem op"]
[Site "Buenos Aires"]
[Date "1999.09.26"]
[Round "5"]
[White "Bielicki, Carlos"]
[Black "Giardelli, Sergio C"]
[Result "0-1"]
[WhiteElo "2283"]
[BlackElo "2437"]

1.e4 c5 2.Nf3 e6 3.d4 cxd4 4.Nxd4 Nc6 5.Nc3 Qc7 6.Be2 Nf6 7.Be3 Be7 8.O-O O-O
9.Kh1 d6 10.f4 a6 11.Qe1 Bd7 12.Qg3 Kh8 13.Rad1 Nxd4 14.Bxd4 Bc6 15.e5 dxe5
16.Bxe5 Qb6 17.Bd3 Ne8 18.Ne4 f6 19.Bc3 Bb5 20.Rfe1 Nc7 21.Qf2 Qc6 22.Bd4 Bxd3
23.Rxd3 Nd5 24.Nc3 Bb4 25.Red1 Bxc3 26.Bxc3 Qa4 27.b3 Qxf4 28.Qxf4 Nxf4 29.Rd7 b5
30.Bb4 Rfc8 31.c4 bxc4 32.bxc4 h6 33.c5 e5 34.Rb7 Ne6 35.Rc1 Rc6 36.Rb6 Rac8
37.Ba3 Kh7 38.Kg1 Kg6 39.Kf2 Kf5 40.Ke3 Nf4 41.Rxc6 Rxc6 42.g3 Nd5+ 43.Kd3 Ke6
44.Re1 h5 45.Kc4 Nb6+ 46.Kb4 Nd7 47.Kc4 g5 48.Rd1 f5 49.Re1 Nb6+ 50.Kb4 Nd5+
51.Kc4 f4 52.gxf4 gxf4 53.Bc1 Rc8 54.Rd1 Rd8 55.Re1 Rb8 56.c6 Rc8 57.Kc5  0-1

[Event "Alushta2"]
[Site "Alushta"]
[Date "1999.09.28"]
[Round "11"]
[White "Yagupov, Igor"]
[Black "Alexandrova, Olga"]
[Result "1/2-1/2"]
[WhiteElo "2449"]
[BlackElo "2300"]

1.e4 c5 2.Nf3 e6 3.Nc3 Nc6 4.d4 cxd4 5.Nxd4 Qc7 6.Be2 Nf6 7.Be3 Be7 8.O-O O-O
9.f4 d6 10.Kh1 Rd8 11.Qe1 Nxd4 12.Bxd4 e5 13.Be3 exf4 14.Bxf4 Be6 15.Qg3 a6
16.Rad1 Ne8 17.e5 dxe5 18.Bxe5 Qa5 19.Bf3 Rxd1 20.Rxd1 Rd8 21.Rxd8 Qxd8 22.Bxb7 Qb6
23.Be4 Qxb2 24.h3 Bf6 25.Bd3 g6 26.Bxa6 h5 27.Qf4 Bxe5 28.Qxe5 Qxc2 29.a4 Ng7
30.Bb7 h4 31.Be4 Qc1+ 32.Kh2 Nh5 33.Ne2 Qe3 34.Qb8+ Kh7 35.Bf3 Bc4 36.Bxh5 gxh5
37.Ng1 Bd5 38.Qd6 Qg5 39.Nf3 Bxf3 40.gxf3 Qe3 41.Qd1 Qe5+ 42.Kh1 Kg7  1/2-1/2

[Event "Wch U20 Girls"]
[Site "Yerevan"]
[Date "1999.09.28"]
[Round "11"]
[White "Shahade, Jennifer"]
[Black "Sheldon, Ruth"]
[Result "1-0"]
[WhiteElo "2290"]
[BlackElo "2310"]

1.e4 c5 2.Nf3 e6 3.d4 cxd4 4.Nxd4 Nc6 5.Nc3 Qc7 6.f4 Nxd4 7.Qxd4 a6 8.Be2 b5
9.Be3 Bb7 10.Bf3 Rc8 11.O-O h5 12.Kh1 Nf6 13.Rad1 Bc5 14.Qxc5 Qxc5 15.Bxc5 Rxc5
16.e5 Bxf3 17.gxf3 Ng8 18.Ne4 Rxc2 19.Rc1 Rc6 20.Nd6+ Kf8 21.Rxc6 dxc6 22.Rd1 g6
23.Nc8 h4 24.Rd7 Nh6 25.Nd6 Kg7 26.Rc7 c5 27.Rxc5 Nf5 28.Nb7 h3 29.Rc7 g5
30.fxg5 Kg6 31.Nd6 Nxd6 32.exd6 Rd8 33.d7 Kxg5 34.Kg1 Kf4 35.Kf2 f5 36.Ra7 e5
37.a4 b4 38.a5 e4 39.fxe4 fxe4 40.Ke2 e3 41.Rb7 b3 42.Rb4+ Ke5 43.Rxb3 Rxd7
44.Rxe3+ Kf4 45.Rxh3 Rb7 46.b4 Ke4 47.Rh6 Kd5 48.Rb6 Re7+ 49.Kf3 Kc4 50.h4 Rh7
51.Kg4 Rg7+ 52.Kf5 Rh7 53.Kg5 Rg7+ 54.Kh6 Rg4 55.h5 Kd5 56.Rxa6 Rxb4 57.Kg7  1-0

[Event "SLO-ch (Women)"]
[Site "Kranj"]
[Date "1999.10.05"]
[Round "4"]
[White "Ankerst, Milka"]
[Black "Kaps, Darja"]
[Result "0-1"]
[WhiteElo "2131"]
[BlackElo "2202"]

1.e4 c5 2.Nf3 Nc6 3.Nc3 e6 4.d4 cxd4 5.Nxd4 Bb4 6.Nxc6 bxc6 7.Qd4 Bf8 8.e5 Ne7
9.Bd3 Nf5 10.Qf4 d5 11.exd6 Bxd6 12.Qe4 Bb7 13.O-O Qc7 14.h3 Kf8 15.Qc4 Rd8
16.Ne4 c5 17.b3 Bd5 18.Qa4 Be7 19.Bb2 Qb7 20.Rfe1 c4 21.bxc4 Bxe4 22.Bxe4 Qxb2
23.Bxf5 exf5 24.Qxa7 Qa3 25.Qb7 g6 26.Re3 Qc5 27.Rb1 Bf6 28.Qb5 Bd4 29.Qxc5+ Bxc5
30.Rd3 Ke7 31.Kf1 Rd4 32.Rb7+ Ke6 33.Rc7 Rxd3 34.cxd3 Bd4 35.Rc6+ Kd7 36.Ra6 Rb8
37.f4 Rb2 38.Ra5 Rf2+ 39.Ke1 Rxf4 40.Rd5+ Kc6 41.a4 Bc5 42.Re5 Rd4 43.Kd2 Rd8
44.a5 Ra8 45.Rd5 Rxa5 46.Ke2 Bb6 47.Rxa5 Bxa5 48.d4 Bc3 49.Kd3 Bb2 50.Ke3 h5
51.Kd3 Kd6 52.Ke3 g5 53.Kd3 Ke6 54.Ke3 f4+ 55.Kd3 f5 56.d5+ Ke5 57.Kc2 Bd4
58.Kd3 Bc5 59.Ke2 Kd4 60.Kf3 Bd6  0-1

[Event "Tatry op"]
[Site "Tatranska Lomnica"]
[Date "1999.10.05"]
[Round "4"]
[White "Gdovin, Jan"]
[Black "Bakalar, Jan"]
[Result "1-0"]
[WhiteElo "2201"]
[BlackElo "2069"]

1.e4 c5 2.Nf3 e6 3.d4 cxd4 4.Nxd4 Nc6 5.Nc3 Qc7 6.Ndb5 Qb8 7.Be3 a6 8.Nd4 b5
9.Nxc6 dxc6 10.f4 Nf6 11.e5 Nd5 12.Nxd5 exd5 13.Be2 Be7 14.O-O O-O 15.Bd3 g6
16.Qf3 c5 17.Qxd5 Rd8 18.Qf3 Qc7 19.Be4 Rb8 20.f5 Qxe5 21.Bf4 Qd4+ 22.Kh1 Bd6
23.fxg6 f5 24.Bxd6 Qxe4 25.Qxe4 fxe4 26.gxh7+ Kxh7 27.Bxb8 Rd2 28.Rf7+ Kg6
29.Raf1 Rxc2 30.R1f6+  1-0

[Event "Tatry op"]
[Site "Tatranska Lomnica"]
[Date "1999.10.05"]
[Round "4"]
[White "Vojtek, Vladimir"]
[Black "Julenyi, Frantisek"]
[Result "1-0"]
[WhiteElo "2386"]
[BlackElo "2118"]

1.e4 c5 2.Nf3 e6 3.Nc3 Nc6 4.d4 cxd4 5.Nxd4 a6 6.g3 Bc5 7.Nb3 Ba7 8.Bg2 Qf6
9.O-O h5 10.h4 Nge7 11.Qe2 e5 12.Bg5 Qg6 13.Nd5 f6 14.Be3 Nxd5 15.exd5 Ne7
16.Bxa7 Rxa7 17.d6 Nc6 18.c3 b6 19.Qe3  1-0

[Event "Tatry op"]
[Site "Tatranska Lomnica"]
[Date "1999.10.06"]
[Round "5"]
[White "Sikora Lerch, Jan"]
[Black "Harasta, Vladimir"]
[Result "1/2-1/2"]
[WhiteElo "2382"]
[BlackElo "2190"]

1.e4 c5 2.Nf3 e6 3.d4 cxd4 4.Nxd4 Nc6 5.Nc3 d6 6.Be3 Nf6 7.Bc4 Qc7 8.Qe2 a6
9.O-O-O b5 10.Bd3 Be7 11.f3 Bb7 12.g4 b4 13.Na4 Nxd4 14.Bxd4 Bc6 15.Nb6 Rb8
16.Nc4 O-O 17.e5 Ne8 18.exd6 Nxd6 19.Qe5 Bf6 20.Qxd6 Qxd6 21.Nxd6 Bxd4 22.Bxh7+ Kxh7
23.Rxd4 Bxf3 24.Re1 Bd5 25.Red1 Rb6 26.Nc4 Bxc4 27.Rxc4 g5 28.h4 gxh4 29.Rh1 Kg6
30.Rxh4 Rd8 31.b3 Rd5 32.Kb2 e5 33.a3  1/2-1/2

[Event "SLO-ch (Women)"]
[Site "Kranj"]
[Date "1999.10.07"]
[Round "6"]
[White "Mihevc, Narcisa"]
[Black "Kaps, Darja"]
[Result "1-0"]
[WhiteElo "2154"]
[BlackElo "2202"]

1.e4 c5 2.Nf3 e6 3.d4 cxd4 4.Nxd4 Nc6 5.Nc3 Bb4 6.Nxc6 dxc6 7.Qg4 Qf6 8.Qg3 Qd4
9.Bd2 Bxc3 10.Bxc3 Qxe4+ 11.Be2 Ne7 12.O-O-O Nf5 13.Qc7 O-O 14.Rd8 Qh4 15.Rxf8+ Kxf8
16.Rd1 Ke8 17.Bf3 Qg5+ 18.Kb1 Qe7 19.Bxc6+ bxc6 20.Qxc6+ Bd7 21.Qxa8+ Qd8
22.Qxa7 h5 23.a4 Qc8 24.a5 Ne7 25.Qxd7+ Qxd7 26.Rxd7 Kxd7 27.Bxg7 Kc6 28.c4 Nf5
29.Bf8 Nd4 30.b4 Ne2 31.b5+ Kb7 32.Kb2 Nf4 33.Kb3 Nxg2 34.a6+ Ka8 35.b6  1-0

[Event "World Cities-ch 2nd"]
[Site "Shenyang"]
[Date "1999.10.08"]
[Round "9"]
[White "Zhang Pengxiang"]
[Black "Erhembayar, D."]
[Result "1-0"]
[WhiteElo "2462"]
[BlackElo "2303"]

1.e4 c5 2.Nf3 e6 3.d4 cxd4 4.Nxd4 Nc6 5.Nc3 Qc7 6.Be3 Nf6 7.Bd3 a6 8.Qe2 b5
9.Nxc6 dxc6 10.a4 b4 11.Nb1 Nd7 12.a5 Bc5 13.Nd2 O-O 14.O-O Qa7 15.Bxc5 Qxc5
16.Nb3 Qe5 17.f4 Qxb2 18.e5 Bb7 19.Rab1 Qa2 20.Qe4 Rfb8 21.Qxh7+ Kf8 22.f5 Nxe5
23.fxe6 c5 24.Rbe1 Qb2 25.Rxe5  1-0

[Event "World Cities-ch 2nd"]
[Site "Shenyang"]
[Date "1999.10.08"]
[Round "9"]
[White "Liu Dede"]
[Black "Kotsur, Pavel"]
[Result "0-1"]
[WhiteElo "2388"]
[BlackElo "2548"]

1.e4 c5 2.Nf3 e6 3.d4 cxd4 4.Nxd4 Nc6 5.Nc3 a6 6.Be2 Qc7 7.O-O Nf6 8.Be3 Be7
9.f4 d6 10.a4 O-O 11.Qe1 e5 12.Nf5 Bxf5 13.exf5 d5 14.fxe5 Nxe5 15.Kh1 Rfe8
16.Rd1 Rad8 17.Qg3 Bd6 18.Qh3 Nc4 19.Bxc4 Qxc4 20.Bb6 Rd7 21.Qd3 Qc6 22.Bd4 Be5
23.h3 h6 24.Rf3 Rde7 25.Bg1 Bxc3 26.Qxc3 Qxa4 27.Bd4 Ne4 28.Qd3 f6 29.Bg1 Rd7
30.c4 d4 31.Qf1 d3 32.c5 d2 33.Re3 Re5 34.b3 Qb4 35.Rd3 Qb5  0-1

[Event "Bundesliga 9900"]
[Site "Germany"]
[Date "1999.10.09"]
[Round "1"]
[White "Polzin, Rainer"]
[Black "Heissler, Jakob"]
[Result "1/2-1/2"]
[WhiteElo "2475"]
[BlackElo "2447"]

1.e4 c5 2.Nc3 e6 3.Nf3 Nc6 4.d4 cxd4 5.Nxd4 Qc7 6.Be2 a6 7.O-O Nf6 8.Be3 Bb4
9.Na4 Be7 10.c4 Nxe4 11.c5 O-O 12.g3 Nf6 13.Nb6 Rb8 14.Rc1 g6 15.Bf3 e5 16.Nb3 d5
17.cxd6 Bxd6 18.Nc4 Be7 19.Bb6 Qd7 20.Qe2 e4 21.Bxe4 Nxe4 22.Qxe4 Qh3 23.Nd4 Bd7
24.Ne5 Nxe5 25.Qxe5 Rbe8 26.Qd5 Bf6 27.Rfd1 Bxd4 28.Bxd4 Bc6 29.Rxc6 bxc6
30.Qxc6 Qe6 31.Qxe6 Rxe6 32.Bc3 Rc8 33.Rd5 h5 34.h4 Rec6 35.Kf1 Re6 36.Rd3 Ree8
37.Rd5 Rc6 38.Rd7 Rec8 39.Rd5 Re6 40.Kg2 Rcc6 41.Kg1 Rc8 42.Kg2 Rec6 43.Kf1 Kf8
44.Re5 f6 45.Rd5 Kf7 46.Kg2 R8c7 47.Kf3 Ke6 48.Rd1 Rd7 49.Re1+ Kf7 50.Re4 Rd5
51.Rb4 Rb5 52.Rd4 Rf5+ 53.Kg2 Rfc5 54.Kf3 Rc4 55.Rd7+ Ke6 56.Rg7 Kf5 57.Rf7 Ra4
58.a3 Rxa3 59.bxa3 Rxc3+ 60.Kg2 Rxa3 61.Ra7 Ra2 62.Kf3 g5 63.hxg5 fxg5 64.Rf7+ Kg6
65.Rf8 g4+ 66.Kg2 a5 67.Kf1 a4 68.Ra8 a3 69.Ra5 Kf6 70.Ke1 Ke6 71.Kd1 Rxf2
72.Rxa3 Ke5 73.Ke1 Rf3 74.Ra5+ Ke4 75.Ra4+ Kf5 76.Ra5+ Kg6 77.Ra6+ Kg5 78.Ra5+ Rf5
79.Ra8  1/2-1/2

[Event "Bundesliga 9900"]
[Site "Germany"]
[Date "1999.10.10"]
[Round "2"]
[White "Wells, Peter K"]
[Black "Hall, Jesper"]
[Result "0-1"]
[WhiteElo "2476"]
[BlackElo "2476"]

1.e4 c5 2.Nf3 e6 3.d4 cxd4 4.Nxd4 Nc6 5.Nc3 Nf6 6.Ndb5 Bc5 7.Be3 Bxe3 8.Nd6+ Ke7
9.fxe3 Qc7 10.Ndb5 Qe5 11.Qd2 a6 12.Nd4 b5 13.O-O-O Bb7 14.Nf3 Qc5 15.a3 Rac8
16.Bd3 Rc7 17.Kb1 Rhc8 18.Rhf1 d6 19.Ne2 b4 20.a4 Na5 21.Ng3 b3 22.Nd4 bxc2+
23.Bxc2 Qb6 24.Bd3 Nc4 25.Bxc4 Rxc4 26.Qf2 Rxa4 27.Qf4 Qa5 28.Ndf5+ exf5
29.Nxf5+ Kf8 30.Qxd6+ Kg8 31.Ne7+ Kh8 32.Nxc8 Bxe4+ 33.Rd3 Ra1+ 34.Kc2 Rxf1  0-1

[Event "Asia-chT"]
[Site "Shenyang"]
[Date "1999.10.11"]
[Round "2"]
[White "Li Qun"]
[Black "Hoang Thanh Son"]
[Result "0-1"]
[WhiteElo "2312"]
[BlackElo "2325"]

1.e4 c5 2.Nc3 e6 3.Nge2 Nc6 4.d4 cxd4 5.Nxd4 d6 6.g3 Nf6 7.Bg2 Bd7 8.Ndb5 Qb8
9.Bf4 Na5 10.a4 a6 11.Nd4 Qc7 12.O-O Be7 13.Nf3 Nc4 14.Bc1 O-O 15.b3 Ne5
16.Bb2 b5 17.Nxe5 dxe5 18.axb5 axb5 19.Qe2 Rab8 20.Rfc1 b4 21.Nd1 Bb5 22.Qe1 Nd7
23.c4 Bc6 24.f3 Bg5 25.Ne3 Nc5 26.h4 Nd3 27.Qe2 Nxc1 28.Rxc1 Be7 29.Ng4 Bc5+
30.Kh2 Bd4 31.h5 g6 32.Bxd4 exd4 33.e5 Rfd8 34.Qd3 Ra8 35.Rc2 Ra1 36.Rf2 Qe7
37.f4 Bxg2 38.Rxg2 Rc1 39.Nf2 Rc3 40.Qd2 Qb7 41.Nd3 Qf3 42.Nxb4 Rxb3 43.Rf2  0-1

[Event "Asia-chT"]
[Site "Shenyang"]
[Date "1999.10.11"]
[Round "3"]
[White "Isaev, Jamshed"]
[Black "Nenashev, Alexander"]
[Result "0-1"]
[WhiteElo "2411"]
[BlackElo "2584"]

1.e4 c5 2.Nf3 e6 3.d4 cxd4 4.Nxd4 Nc6 5.Nc3 Qc7 6.Be3 a6 7.f4 b5 8.a3 Bb7
9.Nb3 d6 10.Bd3 Nf6 11.O-O Be7 12.Qf3 Nb8 13.Rae1 Nbd7 14.Qh3 h5 15.Kh1 e5
16.fxe5 dxe5 17.Qf3 O-O 18.Nd5 Nxd5 19.exd5 Nf6 20.Bg5 Bxd5 21.Qf5 Be6 22.Qxe5 Qxe5
23.Rxe5 Rfe8 24.Bf5 Bd6 25.Re3 Bxf5 26.Rxf5 Ng4 27.Rxe8+ Rxe8 28.Bd2 g6 29.Rd5 Bxh2
30.Nc5 Bf4 31.Bc3 f6 32.Nxa6 Re2 33.Nb4 Be5 34.g3 Bxg3 35.Rxb5 h4 36.Nd5 h3
37.Nxf6+ Nxf6 38.Rg5 Ne4 39.Rxg6+ Kh7 40.Rg7+ Kh6  0-1